| 000 | 00350nam a2200145Ia 4500 | ||
|---|---|---|---|
| 008 | 230312s9999||||xx |||||||||||||| ||und|| | ||
| 082 |
_a612 _bPEL-M |
||
| 100 | _aPelczar, Michael J. Jr. | ||
| 245 | 0 | _aMicrobiology | |
| 260 |
_bTata McGraw Hill _aNew Delhi _c2006 |
||
| 300 | _a918 | ||
| 546 | _aEng. | ||
| 650 |
_aMedical _vMicrobiology |
||
| 942 | _cBK | ||
| 999 |
_c4133 _d4133 |
||